[Event "AUTO-OPEN-1238"]
[Site "http://www.queenalice.com/game.php?id=452557"]
[Date "2008.8.23"]
[Round "1"]
[White "montelo"]
[Black "Memo"]
[Result "0-1"]
[WhiteElo "1496"]
[BlackElo "1500"]

1. e4 e5 2. Qh5 Nf6 3. Qxe5+ Be7 4. Nc3 d6 5. Qg3 Nh5 6. Qf3 Nf6 7. Bc4 Nc6 8.
d4 Nxd4 9. Qd3 c5 10. Nb5 Nxb5 11. Bxb5+ Bd7 12. Nf3 a6 13. Bxd7+ Qxd7 14. Qb3
Nxe4 15. Ng5 Nxg5 16. Bxg5 Bxg5 17. O-O O-O 18. Rae1 Rfe8 19. Rxe8+ Rxe8 20. g3
b5 21. h4 Bf6 22. c3 Re2 23. Qa3 Qc6 24. Qb3 c4 25. Qd1 Rxb2 26. Re1 Bxc3 27.
Re3 b4 28. Qd5 Rb1+ 29. Kh2 Rh1+ 30. Kxh1 Qxd5+ 31. Kh2 f6 0-1

[Event "AUTO-OPEN-1238"]
[Site "http://www.queenalice.com/game.php?id=452573"]
[Date "2008.8.23"]
[Round "1"]
[White "Memo"]
[Black "Skartarys"]
[Result "0-1"]
[WhiteElo "1874"]
[BlackElo "1932"]

1. e4 e5 2. Nf3 Nc6 3. Bb5 a6 4. Ba4 Nf6 5. O-O Be7 6. Re1 b5 7. Bb3 O-O 8. c3
d5 9. exd5 Nxd5 10. Nxe5 Nxe5 11. Rxe5 Nf6 12. d4 Bd6 13. Re3 Ng4 14. Rh3 Nxf2
15. Kxf2 Bxh3 16. gxh3 Bxh2 17. Nd2 Qh4+ 18. Kg2 Qg3+ 19. Kh1 Qxh3 20. Nf3 Bd6+
21. Kg1 Rae8 22. Bd2 Re4 23. Qf1 Rg4+ 24. Kf2 Qg3+ 25. Ke2 c5 26. Qg1 Re8+ 27.
Be3 Qxg1 28. Rxg1 Rxg1 29. Nxg1 cxd4 30. cxd4 Bf4 31. Kd1 Bxe3 32. Nf3 Bxd4 33.
Nxd4 Rd8 34. Kc2 Rxd4 35. Kc3 Rf4 36. Kd2 h5 37. Ke3 g5 38. Bd5 h4 39. b3 h3 40.
Bb7 h2 41. Ke2 f5 42. Bh1 g4 43. Ke3 Rf3+ 44. Bxf3 gxf3 45. a4 h1=Q 0-1

[Event "AUTO-OPEN-1238"]
[Site "http://www.queenalice.com/game.php?id=452574"]
[Date "2008.8.23"]
[Round "1"]
[White "Skartarys"]
[Black "Memo"]
[Result "1-0"]
[WhiteElo "1916"]
[BlackElo "1906"]

1. e4 c6 2. d4 d5 3. e5 Bf5 4. Nc3 e6 5. g4 Bg6 6. h4 h5 7. g5 Bb4 8. Bd2 Bxc3
9. Bxc3 Nd7 10. Bd3 Ne7 11. Bxg6 fxg6 12. Qd2 Rc8 13. O-O-O Nb6 14. b3 Na8 15.
Ne2 O-O 16. Ng3 b6 17. Qe2 Nc7 18. Rdf1 a5 19. Nxh5 gxh5 20. Qxh5 Qe8 21. Qg4
Qf7 22. f4 Nf5 23. g6 Qe7 24. Rf3 Nh6 25. Qg5 Rce8 26. Rfh3 Rf5 27. Qxe7 Rxe7
28. Bd2 c5 29. dxc5 bxc5 30. Rf3 d4 31. Bxa5 Nd5 32. Bd2 Re8 33. a4 Ref8 34. h5
Nxf4 35. Bxf4 Rxf4 36. Rxf4 Rxf4 37. a5 Rf8 38. Kd2 Ng4 39. Ra1 Nxe5 40. a6 Nc6
41. c3 dxc3+ 42. Kxc3 Rf3+ 43. Kc4 Nd4 44. a7 Rf8 45. a8=Q 1-0

[Event "Challenge"]
[Site "http://www.queenalice.com/game.php?id=458397"]
[Date "2008.9.4"]
[Round "-"]
[White "SardeBR"]
[Black "Memo"]
[Result "0-1"]
[WhiteElo "1783"]
[BlackElo "1872"]

1. Nf3 Nf6 2. d3 d5 3. c4 g6 4. Nc3 Bg7 5. d4 c6 6. c5 Bf5 7. e3 O-O 8. Bd3 Bxd3
9. Qxd3 Re8 10. Nd2 Nbd7 11. h3 Nf8 12. g4 Ne6 13. Nf1 Ng5 14. Nh2 b6 15. b4
Nge4 16. f3 Ng5 17. h4 Ne6 18. g5 Nh5 19. Rg1 f5 20. gxf6 Nxf6 21. Ng4 Qc7 22.
Rg2 Nxg4 23. fxg4 Rf8 24. Ne2 Rf7 25. e4 Raf8 26. Ng3 Rf3 27. Be3 Nf4 28. O-O-O
Nxd3+ 29. Rxd3 Rxg3 30. Rgd2 dxe4 31. Rb3 Rf1+ 32. Kc2 Rxg4 33. cxb6 axb6 34.
Rc3 Qa7 35. Kb2 Rgg1 36. Bxg1 Rxg1 37. Rxc6 e3 38. Rdc2 Bxd4+ 39. Kb3 b5 40.
Rc8+ Kf7 41. R8c7 Qa4# 0-1

[Event "Challenge"]
[Site "http://www.queenalice.com/game.php?id=458405"]
[Date "2008.9.5"]
[Round "-"]
[White "Memo"]
[Black "SardeBR"]
[Result "1-0"]
[WhiteElo "1809"]
[BlackElo "1783"]

1. e4 e5 2. Nf3 f6 3. d4 d6 4. Bc4 Ne7 5. dxe5 fxe5 6. Ng5 d5 7. exd5 Qd6 8. Nc3
Bf5 9. Nb5 Qc5 10. d6 c6 11. Bf7+ Kd7 12. dxe7+ Kxe7 13. Nc3 h6 14. Be3 Qb4 15.
Qf3 Qg4 16. Bc5+ Kd8 17. Rd1+ Nd7 18. Bxf8 Qxf3 19. Nxf3 Rxf8 20. Nxe5 Ke7 21.
Nxd7 Kxf7 22. Nxf8 Kxf8 23. Rd2 Re8+ 24. Kd1 b5 25. Re1 Rc8 26. h3 Rc7 27. g4
Bd7 28. Ne4 Be8 29. Nd6 Bg6 30. f4 Bf7 31. Nxf7 Rxf7 32. Rd8# 1-0

[Event "Challenge"]
[Site "http://www.queenalice.com/game.php?id=458416"]
[Date "2008.9.5"]
[Round "-"]
[White "Danilo"]
[Black "Memo"]
[Result "0-1"]
[WhiteElo "1855"]
[BlackElo "1698"]

1. e4 e5 2. Nf3 Nf6 3. Bc4 c6 4. Ng5 d5 5. exd5 cxd5 6. Bb5+ Bd7 7. Bxd7+ Nbxd7
8. d3 Bc5 9. h3 Rc8 10. O-O Qc7 11. Nc3 Bb4 12. Bd2 Bxc3 13. Bxc3 d4 14. Bd2
Qxc2 15. Qxc2 Rxc2 16. Bc1 O-O 17. Ne4 Nxe4 18. dxe4 Rfc8 19. f3 Nc5 20. b4 Nd3
21. Ba3 R8c3 22. Bc1 Nxc1 23. f4 Ne2+ 24. Kh1 Ng3+ 25. Kh2 Nxf1+ 26. Rxf1 exf4
27. Rxf4 Rxa2 28. Rf5 Rcc2 29. Rd5 h6 30. e5 Rxg2+ 31. Kh1 Rgb2 0-1

[Event "Challenge"]
[Site "http://www.queenalice.com/game.php?id=458886"]
[Date "2008.9.6"]
[Round "-"]
[White "Danilo"]
[Black "Memo"]
[Result "0-1"]
[WhiteElo "1865"]
[BlackElo "1916"]

1. e4 e5 2. d4 exd4 3. Qxd4 Nc6 4. Qd1 Nf6 5. Bg5 Be7 6. f3 d5 7. Bxf6 Bxf6 8.
c3 dxe4 9. fxe4 Qxd1+ 10. Kxd1 Bg4+ 11. Be2 O-O-O+ 12. Ke1 Bxe2 13. Nxe2 Rhe8
14. Nd2 Ne5 15. Rd1 Nd3+ 16. Kf1 Nxb2 0-1

[Event "Challenge"]
[Site "http://www.queenalice.com/game.php?id=459005"]
[Date "2008.9.6"]
[Round "-"]
[White "Pablomattos"]
[Black "Memo"]
[Result "0-1"]
[WhiteElo "1138"]
[BlackElo "1916"]

1. d4 Nf6 2. Nd2 e6 3. a4 c5 4. dxc5 Bxc5 5. Nb3 Bb6 6. Bg5 Ne4 7. Be3 Bxe3 8.
fxe3 Qh4+ 9. g3 Nxg3 10. Kd2 Nxh1 11. Kc1 Nf2 12. Qe1 Nd3+ 13. cxd3 Qxe1+ 14.
Kc2 Qf2 15. Nh3 Qxh2 16. Ng5 h6 17. Nxf7 Kxf7 18. Nd4 Nc6 19. Nf3 Qc7 20. Bh3
Nd4+ 21. Kd1 Qc2+ 22. Ke1 Qxe2# 0-1

[Event "Challenge"]
[Site "http://www.queenalice.com/game.php?id=463956"]
[Date "2008.9.16"]
[Round "-"]
[White "zegan13"]
[Black "Memo"]
[Result "1-0"]
[WhiteElo "1856"]
[BlackElo "1951"]

1. e4 e5 2. Nf3 Nc6 3. Bc4 Bc5 4. b4 Bxb4 5. c3 Be7 6. d4 Na5 7. Be2 exd4 8.
Qxd4 c5 9. Qxg7 Bf6 10. Qg3 d6 11. O-O Be6 12. Rd1 Be7 13. e5 d5 14. Qg7 Bf6 15.
exf6 Qxf6 16. Qg3 Ne7 17. Bg5 Qg6 18. Bb5+ Nec6 19. Qd6 c4 20. Qe7# 1-0

[Event "Challenge"]
[Site "http://www.queenalice.com/game.php?id=463957"]
[Date "2008.9.16"]
[Round "-"]
[White "Memo"]
[Black "zegan13"]
[Result "0-1"]
[WhiteElo "1847"]
[BlackElo "2236"]

1. e4 e6 2. d4 d5 3. Nc3 Nf6 4. exd5 exd5 5. Bg5 Be7 6. Bd3 Nc6 7. Nge2 Nb4 8.
Bb5+ c6 9. Ba4 O-O 10. a3 Na6 11. Bb3 Nc7 12. Qd3 Ne6 13. h4 Re8 14. O-O-O b5
15. Ng3 a5 16. Nce2 a4 17. Ba2 b4 18. axb4 Bxb4 19. Bxf6 Qxf6 20. h5 Ba6 21. Qe3
Nc7 22. Qf4 Bxe2 23. Nxe2 Rxe2 24. Qxc7 Qxf2 25. Qxc6 Rb8 26. Rhf1 Qe3+ 27. Kb1
Bc3 28. b3 axb3 29. Bxb3 Rxb3+ 30. cxb3 Qe4+ 0-1

[Event "Challenge"]
[Site "http://www.queenalice.com/game.php?id=478636"]
[Date "2008.10.17"]
[Round "-"]
[White "Nille"]
[Black "Memo"]
[Result "1-0"]
[WhiteElo "1829"]
[BlackElo "1869"]

1. e4 c5 2. Nf3 d6 3. Bc4 Nc6 4. d3 a6 5. a3 b5 6. Ba2 Nf6 7. Nc3 g6 8. Ng5 e6
9. O-O Bg7 10. Bd2 Nd4 11. b4 Nd7 12. Ne2 Qf6 13. c3 Nxe2+ 14. Qxe2 Bb7 15. Nf3
cxb4 16. axb4 O-O 17. h3 Rac8 18. d4 Nb6 19. Rfd1 Nc4 20. Bxc4 Rxc4 21. Bg5 Rxc3
22. Bxf6 Bxf6 23. Qd2 Rc4 24. e5 dxe5 25. dxe5 Bxf3 26. exf6 Rh4 27. gxf3 Rxh3
28. Kg2 Rh4 29. Rh1 1-0

[Event "Challenge"]
[Site "http://www.queenalice.com/game.php?id=481358"]
[Date "2008.10.23"]
[Round "-"]
[White "cristianowesley"]
[Black "Memo"]
[Result "0-1"]
[WhiteElo "1601"]
[BlackElo "1866"]

1. e4 c5 2. Nf3 Nc6 3. Bc4 Nf6 4. e5 Ng4 5. Ng5 Ngxe5 6. Bd5 e6 7. Qh5 g6 8. Qe2
Qxg5 9. d4 Qxc1+ 10. Qd1 Qxd1+ 11. Kxd1 Nxd4 12. Bb3 b5 0-1

[Event "Challenge"]
[Site "http://www.queenalice.com/game.php?id=481630"]
[Date "2008.10.23"]
[Round "-"]
[White "cristianowesley"]
[Black "Memo"]
[Result "0-1"]
[WhiteElo "1785"]
[BlackElo "1846"]

1. e4 c5 2. d4 cxd4 3. Qxd4 Nc6 4. Qd5 e6 5. Qd1 Nf6 6. Bg5 Be7 7. Nc3 O-O 8.
Nf3 Qb6 9. e5 Ng4 10. Na4 Qxf2# 0-1

[Event "AUTO-OPEN-1334"]
[Site "http://www.queenalice.com/game.php?id=491952"]
[Date "2008.11.11"]
[Round "1"]
[White "Memo"]
[Black "jsm"]
[Result "0-1"]
[WhiteElo "1870"]
[BlackElo "2196"]

1. e4 e6 2. d4 d5 3. Nc3 c6 4. Bd3 Nd7 5. Bg5 Qxg5 6. Nf3 Qd8 7. O-O Ngf6 8. e5
Ng4 9. Ne2 Be7 10. h3 Nh6 11. Qd2 Nf5 12. Bxf5 exf5 13. Ng3 Nf8 14. Nh5 Ne6 15.
h4 Bxh4 16. Nxh4 Qxh4 17. Ng3 g6 18. c4 O-O 19. cxd5 cxd5 20. Ne2 Bd7 21. g3 Qh3
22. Nc3 Bc6 23. b4 a6 24. a4 f4 25. Ne2 f3 26. Nf4 Nxf4 0-1

[Event "AUTO-OPEN-1334"]
[Site "http://www.queenalice.com/game.php?id=491953"]
[Date "2008.11.11"]
[Round "1"]
[White "jsm"]
[Black "Memo"]
[Result "1-0"]
[WhiteElo "2193"]
[BlackElo "1874"]

1. e4 e5 2. Nf3 Nf6 3. Nxe5 d6 4. Nf3 Nxe4 5. d4 Be7 6. Bd3 Nf6 7. O-O O-O 8. c4
Bg4 9. Nbd2 c5 10. d5 b5 11. b3 Na6 12. a3 Nc7 13. Bb2 Re8 14. Qc2 g6 15. Qc3 a5
16. Ne4 Kg7 17. Nfd2 b4 18. Qc2 Kg8 19. h3 Bf5 20. Rfe1 Nxe4 21. Bxe4 Bxe4 22.
Nxe4 Bf8 23. Nf6+ 1-0

[Event "AUTO-OPEN-1334"]
[Site "http://www.queenalice.com/game.php?id=491954"]
[Date "2008.11.11"]
[Round "1"]
[White "Memo"]
[Black "alvarogoulart"]
[Result "0-1"]
[WhiteElo "1834"]
[BlackElo "1783"]

1. e4 e5 2. Nf3 d6 3. d4 Bg4 4. dxe5 Bxf3 5. gxf3 Nc6 6. exd6 Bxd6 7. Nc3 Bb4 8.
Qxd8+ Rxd8 9. Rg1 Nd4 10. Rxg7 Nxc2+ 11. Ke2 Nxa1 12. Nd5 Ba5 13. Bg5 f6 14.
Rxg8+ Rxg8 15. Nxf6+ Kf7 16. Nxh7 Rd6 17. Ke3 Kg6 18. e5 Rc6 19. Bd3+ Kg7 20.
Nf6 Rh8 21. h4 Nc2+ 22. Ke2 Nd4+ 23. Ke3 Ne6 24. f4 Nxg5 25. hxg5 Bb6+ 26. Ke4
Bxf2 27. Kf3 Bd4 28. Bf5 Bxb2 29. e6 Bxf6 30. gxf6+ Kxf6 0-1

[Event "AUTO-OPEN-1334"]
[Site "http://www.queenalice.com/game.php?id=491955"]
[Date "2008.11.11"]
[Round "1"]
[White "alvarogoulart"]
[Black "Memo"]
[Result "1-0"]
[WhiteElo "1794"]
[BlackElo "1867"]

1. e4 e5 2. Nf3 Nc6 3. Bb5 a6 4. Bxc6 bxc6 5. d3 Nf6 6. Nxe5 Be7 7. Nc3 O-O 8.
O-O Rb8 9. Be3 Rxb2 10. Qc1 Ba3 11. Qd1 Re8 12. Nc4 d5 13. Nxa3 d4 14. Bc1 Rb4
15. Ne2 Qd6 16. Nc4 Qd7 17. Ba3 Rxc4 18. dxc4 Rxe4 19. Ng3 Rh4 20. Qf3 Ng4 21.
h3 Nf6 22. Rae1 h6 23. Re7 Qd8 24. Rfe1 Be6 25. Qxc6 1-0

[Event "AUTO-OPEN-1334"]
[Site "http://www.queenalice.com/game.php?id=491956"]
[Date "2008.11.11"]
[Round "1"]
[White "Memo"]
[Black "Cthulhu"]
[Result "0-1"]
[WhiteElo "1874"]
[BlackElo "2489"]

1. e4 c5 2. Nf3 d6 3. d4 cxd4 4. Nxd4 Nf6 5. Nc3 a6 6. h3 e6 7. Be3 b5 8. g4 b4
9. Nce2 Nxe4 10. f4 Qh4+ 0-1

[Event "AUTO-OPEN-1334"]
[Site "http://www.queenalice.com/game.php?id=491957"]
[Date "2008.11.11"]
[Round "1"]
[White "Cthulhu"]
[Black "Memo"]
[Result "1-0"]
[WhiteElo "2490"]
[BlackElo "1874"]

1. d4 d5 2. c4 dxc4 3. e4 e5 4. Nf3 Bg4 5. Bxc4 Nf6 6. Bxf7+ Kxf7 7. Nxe5+ Ke8
8. Nxg4 Nc6 9. Nxf6+ Qxf6 10. Be3 Rd8 11. d5 Qxb2 12. Nd2 Ne5 13. O-O Bd6 14. f4
Ng6 15. Nb3 Qf6 16. e5 1-0

[Event "Challenge"]
[Site "http://www.queenalice.com/game.php?id=493197"]
[Date "2008.11.14"]
[Round "-"]
[White "aurorazzbcn"]
[Black "Memo"]
[Result "1-0"]
[WhiteElo "1865"]
[BlackElo "1816"]

1. d4 d5 2. Bf4 Nc6 3. e3 Bf5 4. Nf3 Nb4 5. Na3 Nf6 6. c3 Nd3+ 7. Bxd3 Bxd3 8.
Qxd3 e6 9. h3 Bd6 10. Bxd6 cxd6 11. Qb5+ Qd7 12. Qxd7+ Nxd7 13. Nb5 Ke7 14. Rc1
a6 15. Na3 b5 16. Ke2 Rhc8 17. b3 Nf6 18. c4 dxc4 19. bxc4 bxc4 20. Nxc4 Rc7 21.
Rc2 Rac8 22. Rhc1 d5 23. Na3 Rxc2+ 24. Rxc2 Rxc2+ 25. Nxc2 a5 26. Nd2 Kd6 27. f3
Kc6 28. Kd3 Kb5 29. e4 dxe4+ 30. fxe4 1-0

[Event "Challenge"]
[Site "http://www.queenalice.com/game.php?id=497001"]
[Date "2008.11.22"]
[Round "-"]
[White "Memo"]
[Black "marcet"]
[Result "0-1"]
[WhiteElo "1847"]
[BlackElo "1865"]

1. e4 e6 2. d4 d5 3. Nc3 c5 4. Nf3 Bd7 5. Bd3 Nc6 6. exd5 exd5 7. Nxd5 cxd4 8.
O-O Bd6 9. Bf4 Bxf4 10. Nxf4 Nf6 11. Re1+ Ne7 12. Nxd4 O-O 13. Nh5 Ned5 14. Nf5
Bxf5 15. Bxf5 Nxh5 16. Bxh7+ Kxh7 17. Qxh5+ Kg8 18. Rad1 Nf6 19. Qh4 Qa5 20. Rd3
Qxe1# 0-1

[Event "Challenge"]
[Site "http://www.queenalice.com/game.php?id=498494"]
[Date "2008.11.26"]
[Round "-"]
[White "Memo"]
[Black "marcet"]
[Result "0-1"]
[WhiteElo "1816"]
[BlackElo "1896"]

1. e4 e6 2. d4 d5 3. e5 c5 4. Nf3 Qb6 5. Be3 Qxb2 6. Nbd2 Qc3 7. Bb5+ Bd7 8. Rb1
b6 9. O-O Bxb5 10. Rxb5 Qa3 11. Qb1 c4 12. Re1 Nd7 13. Nf1 g6 14. Bf4 Bg7 15.
Re3 Qa6 16. Qb2 Ne7 17. Ra3 Qb7 18. Bd2 a6 19. Rb4 Nc6 20. Bg5 O-O 21. N1d2 a5
22. Nxc4 axb4 23. Rxa8 Qxa8 24. Nd6 h6 25. Bd2 f6 26. Bf4 g5 27. exf6 Nxf6 28.
Be5 Nxe5 29. Nxe5 Ne4 30. Nxe4 Bxe5 31. Nxg5 hxg5 32. dxe5 Qa7 33. Qc1 Rf5 0-1